00980njm a22002297a 450000500170000000700150001700800410003202800330007303500130010604000120011910000140013124500760014524600720022126000380029330000900033150000170042150502330043865000370067170000170070870000220072570000030074720100908112946.0sd ammalaaahaa100907t xxu||||| |||| 00| 0 eng d aN. 54714bHis Master's Voice aGR-01392 aSED/VEN aMohd Rafi aGajal /cby Mohd rafi; music by Madan Mohan; lyrics by Bahir Ludhiyanvi aगजल / मोहम्मद रफ़ी द्वारा  aDam Dam, IndiabHis Mater's Voice a1 Sound Disc [Gramophone Record] :banalog.33 1/33 rpmc10 in (LP)fGramophone Record aBrief Record aSide 1-,isque ke garbhoy jajbaat(इस्कू के गर्भोय जज्बात) (Mohd rafi)--Side-2 Ada katil nazar barkey bala (अदा कातिल नज़र बर्के बाला) (Asha Bhosle)  aClassical MusicxExcerptszIndia aMohan, Madan aLudhiyanvi, Sahir